Basic Mathematics (Record no. 916)

MARC details
005 - DATE AND TIME OF LATEST TRANSACTION
control field 20250319074616.0
020 ## - INTERNATIONAL STANDARD BOOK NUMBER
International Standard Book Number 81-224-1684-5
082 ## - DEWEY DECIMAL CLASSIFICATION NUMBER
Classification number 510 VEE
100 ## - MAIN ENTRY--PERSONAL NAME
Author name VEENA, G. R.
245 ## - TITLE STATEMENT
Title Basic Mathematics
260 ## - PUBLICATION, DISTRIBUTION, ETC.
Place of publication, distribution, etc. New Delhi,
Name of publisher, distributor, etc. New Age International Publishers,
Date of publication, distribution, etc. 2005.
300 ## - PHYSICAL DESCRIPTION
Extent xiv, 561p.: ill.; table.
Dimensions 24cm.
856 ## - ELECTRONIC LOCATION AND ACCESS
Link text Access online book
Electronic name Mathematics
Path www.newagepublishers.com
942 ## - ADDED ENTRY ELEMENTS (KOHA)
Source of classification or shelving scheme Dewey Decimal Classification
Koha item type Books
Holdings
Date last seen Total checkouts Full call number Barcode Cost, replacement price Price effective from Koha item type Lost status Source of classification or shelving scheme Damaged status Not for loan Withdrawn status Home library Current library Shelving location Date acquired Cost, normal purchase price Date last checked out
03/19/2025   510 VEE 0000003688 31602.00 03/19/2025 Books   Dewey Decimal Classification       College of Business Education Main Library College of Business Education Main Library General Collection 03/19/2025 10534.00  
03/19/2025   510 VEE 0000003689 31602.00 03/19/2025 Books   Dewey Decimal Classification       College of Business Education Main Library College of Business Education Main Library General Collection 03/19/2025 10534.00  
02/13/2026 1 510 VEE 0000003690 31602.00 03/19/2025 Books   Dewey Decimal Classification       College of Business Education Main Library College of Business Education Main Library General Collection 03/19/2025 10534.00 01/30/2026